Организация и ведение аварийно-спасательных работ при наводнении на акваториях; Экология и безопасность в техносфере: современные проблемы и пути решения
| Parent link: | Экология и безопасность в техносфере: современные проблемы и пути решения.— 2017.— [С. 612-615] |
|---|---|
| Glavni avtor: | |
| Korporativna značnica: | |
| Drugi avtorji: | |
| Izvleček: | Заглавие с экрана В данной статье представлена необходимость использования эвакуации населения, исторических и материальных средств при возникновении чрезвычайных ситуаций, как одного из основных способов защиты. Основные особенности организации эвакуации, порядок ее осуществления и принципы руководства. This article presents the need to use the evacuation of the population, historical and material assets in the event of emergencies, as one of the main ways of protection. The main features of the evacuation organization, the procedure for its implementation and the principles of leadership. |
| Jezik: | ruščina |
| Izdano: |
2017
|
| Serija: | Современные технологии ликвидации ЧС и техническое обеспечение аварийно-спасательных работ |
| Teme: | |
| Online dostop: | http://earchive.tpu.ru/handle/11683/46718 |
| Format: | Elektronski Book Chapter |
| KOHA link: | https://koha.lib.tpu.ru/cgi-bin/koha/opac-detail.pl?biblionumber=626547 |
MARC
| LEADER | 00000naa2a2200000 4500 | ||
|---|---|---|---|
| 001 | 626547 | ||
| 005 | 20231224141408.0 | ||
| 035 | |a (RuTPU)RU\TPU\conf\25950 | ||
| 035 | |a RU\TPU\conf\25949 | ||
| 090 | |a 626547 | ||
| 100 | |a 20180305d2017 k y0rusy50 ca | ||
| 101 | 0 | |a rus | |
| 102 | |a RU | ||
| 105 | |a y z 101zy | ||
| 135 | |a drgn ---uucaa | ||
| 181 | 0 | |a i | |
| 182 | 0 | |a b | |
| 200 | 1 | |a Организация и ведение аварийно-спасательных работ при наводнении на акваториях |f В. В. Мелкова, П. В. Родионов | |
| 203 | |a Текст |c электронный | ||
| 225 | 1 | |a Современные технологии ликвидации ЧС и техническое обеспечение аварийно-спасательных работ | |
| 300 | |a Заглавие с экрана | ||
| 320 | |a [Библиогр.: с. 615 (3 назв.)] | ||
| 330 | |a В данной статье представлена необходимость использования эвакуации населения, исторических и материальных средств при возникновении чрезвычайных ситуаций, как одного из основных способов защиты. Основные особенности организации эвакуации, порядок ее осуществления и принципы руководства. | ||
| 330 | |a This article presents the need to use the evacuation of the population, historical and material assets in the event of emergencies, as one of the main ways of protection. The main features of the evacuation organization, the procedure for its implementation and the principles of leadership. | ||
| 463 | 0 | |0 (RuTPU)RU\TPU\conf\25447 |t Экология и безопасность в техносфере: современные проблемы и пути решения |o сборник трудов Всероссийской научно-практической конференции молодых ученых, аспирантов и студентов, г. Юрга, 23-25 ноября 2017 г. |f Национальный исследовательский Томский политехнический университет (ТПУ), Юргинский технологический институт (ЮТИ) ; под ред. Д. А. Чинахова [и др.] |v [С. 612-615] |d 2017 | |
| 610 | 1 | |a электронный ресурс | |
| 610 | 1 | |a труды учёных ТПУ | |
| 610 | 1 | |a эвакуация | |
| 610 | 1 | |a чрезвычайные ситуации | |
| 610 | 1 | |a жизнеобеспечение | |
| 610 | 1 | |a защитные сооружения | |
| 610 | 1 | |a профилактика | |
| 610 | 1 | |a аварийно-спасательные работы | |
| 700 | 1 | |a Мелкова |b В. В. | |
| 701 | 1 | |a Родионов |b П. В. |c специалист в области экологии и безопасности жизнедеятельности |c старший преподаватель Юргинский технологический институт (филиала) Томского политехнического университета, кандидат педагогических наук |f 1972- |g Павел Вадимович |3 (RuTPU)RU\TPU\pers\32092 |9 16131 | |
| 712 | 0 | 2 | |a Национальный исследовательский Томский политехнический университет (ТПУ) |b Юргинский технологический институт (филиал) (ЮТИ) |b Кафедра безопасности жизнедеятельности, экологии и физического воспитания (БЖДЭФВ) |3 (RuTPU)RU\TPU\col\18930 |
| 801 | 2 | |a RU |b 63413507 |c 20180313 |g RCR | |
| 856 | 4 | |u http://earchive.tpu.ru/handle/11683/46718 | |
| 942 | |c BK | ||